The psychology of work
| Titel: | The psychology of work : theoretically based empirical research / ed. by Jeanne M. Brett |
|---|---|
| Beteiligt: | |
| Veröffentlicht: | Mahwah, NJ [u.a.] : Erlbaum, 2002 |
| Umfang: | XV, 338 S. |
| Format: | E-Book |
| Sprache: | Englisch |
| Schriftenreihe/ mehrbändiges Werk: |
LEA's organization and management series | Vorliegende Ausgabe: | Online-Ausg.: 2002. - Online-Ressource. |
| ISBN: | 0585407282 (Sekundärausgabe) ; 9780585407289 (Sekundärausgabe) |
| Hinweise zum Inhalt: |
Inhaltsbeschreibung der Sammlung und Zugangshinweise
|
alg: 18232861
001A $00030:08-11-06
001B $01999:20-08-22 $t18:39:04.000
001C $05000:21-06-13 $t12:44:48.000
001D $00030:08-11-06
001U $0utf8
001X $00
002@ $0Oay
003@ $0182328619
004G $00-585-40728-2 $A978-0-585-40728-9 $felectronic bk.
007A $0182328619 $aHEB
009P $3Inhaltsbeschreibung der Sammlung und Zugangshinweise $uhttp://www.nationallizenzen.de/angebote/nlproduct.2006-03-20.4421392276
009Q $SV153 $uhttp://search.ebscohost.com/login.aspx?direct=true&scope=site&db=nlebk&db=nlabk&AN=68978 $xH
010@ $aeng
011@ $a2002
011B $a2002
016A $aDguu
017B $aZDB-1-NEL
021A $aThe @psychology of work $dtheoretically based empirical research $hed. by Jeanne M. Brett
028C $BHrsg. $#Brett, Jeanne $#Brett, J. M. $D20220215 $Ecgwrk $7170964299 $8Brett, Jeanne M. [Tp3] $9295131454
032C $a[Online-Ausg.]
033A $pMahwah, NJ {[u.a.] $nErlbaum
033Q $aOnline-Ressource
034D $aXV, 338 S.
036G $aLEA's organization and management series
037G $aOnline-Ausg.:
044K $RPsychologie $RBerufspsychologie $RIndustriepsychologie $RErgonomie $#Psychology, Industrial $#Psychologie du travail $#Arbeitspsychologie $#Arbeitspsychologie $#Arbeits- und Organisationspsychologie $#Industrielle Psychotechnik $#Betrieb Arbeitspsychologie $74002767-3 $8Arbeitspsychologie [Ts1] $9084998970
045A $aBF481
045B $a158.7
045E $c150
lok: 18232861 3
101B $008-11-06 $t07:59:40.000
101C $008-11-06
145S/01 $a003
101U $0utf8
exp: 18232861 3 1 #EPN
201B/01 $002-02-24 $t22:52:41.000
201U/01 $0utf8
203@/01 $047880587X
208@/01 $a08-11-06 $bl
209S/01 $SV153 $uhttp://search.ebscohost.com/login.aspx?direct=true&scope=site&db=nlebk&db=nlabk&AN=68978 $XH
lok: 18232861 5
exp: 18232861 5 1 #EPN
201B/01 $019-06-13 $t23:26:28.000
201U/01 $0utf8
203@/01 $0478805888
208@/01 $a08-11-06 $bl
209S/01 $SV153 $uhttp://search.ebscohost.com/login.aspx?direct=true&scope=site&db=nlebk&db=nlabk&AN=68978 $XH
lok: 18232861 6
exp: 18232861 6 1 #EPN
201B/01 $019-06-13 $t23:26:28.000
201U/01 $0utf8
203@/01 $0579699110
208@/01 $a23-07-09 $bl
209S/01 $SV153 $uhttp://search.ebscohost.com/login.aspx?direct=true&scope=site&db=nlebk&db=nlabk&AN=68978 $XH
lok: 18232861 8
exp: 18232861 8 1 #EPN
201B/01 $019-06-13 $t23:26:28.000
201U/01 $0utf8
203@/01 $0478805896
208@/01 $a08-11-06 $bl
209S/01 $SV153 $uhttp://search.ebscohost.com/login.aspx?direct=true&scope=site&db=nlebk&db=nlabk&AN=68978 $XH
lok: 18232861 10
exp: 18232861 10 1 #EPN
201B/01 $019-06-13 $t23:26:28.000
201U/01 $0utf8
203@/01 $047880590X
208@/01 $a08-11-06 $bl
209S/01 $SV153 $uhttp://search.ebscohost.com/login.aspx?direct=true&scope=site&db=nlebk&db=nlabk&AN=68978 $XH
lok: 18232861 11
exp: 18232861 11 1 #EPN
201B/01 $019-06-13 $t23:26:28.000
201U/01 $0utf8
203@/01 $0478805918
208@/01 $a08-11-06 $bl
209S/01 $SV153 $uhttp://search.ebscohost.com/login.aspx?direct=true&scope=site&db=nlebk&db=nlabk&AN=68978 $XH
lok: 18232861 15
exp: 18232861 15 1 #EPN
201B/01 $019-06-13 $t23:26:28.000
201U/01 $0utf8
203@/01 $059555797X
208@/01 $a29-06-10 $bl
209S/01 $SV153 $uhttp://search.ebscohost.com/login.aspx?direct=true&scope=site&db=nlebk&db=nlabk&AN=68978 $XH
lok: 18232861 20
exp: 18232861 20 1 #EPN
201B/01 $019-06-13 $t23:26:28.000
201U/01 $0utf8
203@/01 $0478805934
208@/01 $a08-11-06 $bl
209S/01 $SV153 $uhttp://search.ebscohost.com/login.aspx?direct=true&scope=site&db=nlebk&db=nlabk&AN=68978 $XH
lok: 18232861 21
exp: 18232861 21 1 #EPN
201B/01 $019-06-13 $t23:26:28.000
201U/01 $0utf8
203@/01 $0478805942
208@/01 $a08-11-06 $bl
209S/01 $SV153 $uhttp://search.ebscohost.com/login.aspx?direct=true&scope=site&db=nlebk&db=nlabk&AN=68978 $XH
lok: 18232861 23
exp: 18232861 23 1 #EPN
201B/01 $019-06-13 $t23:26:28.000
201U/01 $0utf8
203@/01 $0478805950
208@/01 $a08-11-06 $bl
209S/01 $SV153 $uhttp://search.ebscohost.com/login.aspx?direct=true&scope=site&db=nlebk&db=nlabk&AN=68978 $XH
lok: 18232861 24
exp: 18232861 24 1 #EPN
201B/01 $019-06-13 $t23:26:28.000
201U/01 $0utf8
203@/01 $0595557988
208@/01 $a29-06-10 $bl
209S/01 $SV153 $uhttp://search.ebscohost.com/login.aspx?direct=true&scope=site&db=nlebk&db=nlabk&AN=68978 $XH
lok: 18232861 25
exp: 18232861 25 1 #EPN
201B/01 $019-06-13 $t23:26:28.000
201U/01 $0utf8
203@/01 $0478805969
208@/01 $a08-11-06 $bl
209S/01 $SV153 $uhttp://search.ebscohost.com/login.aspx?direct=true&scope=site&db=nlebk&db=nlabk&AN=68978 $XH
lok: 18232861 36
exp: 18232861 36 1 #EPN
201B/01 $019-06-13 $t23:26:28.000
201U/01 $0utf8
203@/01 $0595557996
208@/01 $a29-06-10 $bl
209S/01 $SV153 $uhttp://search.ebscohost.com/login.aspx?direct=true&scope=site&db=nlebk&db=nlabk&AN=68978 $XH
lok: 18232861 59
exp: 18232861 59 1 #EPN
201B/01 $019-06-13 $t23:26:28.000
201U/01 $0utf8
203@/01 $0503676896
208@/01 $a10-05-07 $bl
209S/01 $SV153 $uhttp://search.ebscohost.com/login.aspx?direct=true&scope=site&db=nlebk&db=nlabk&AN=68978 $XH
lok: 18232861 76
exp: 18232861 76 1 #EPN
201B/01 $029-10-16 $t08:29:07.981
201U/01 $0utf8
203@/01 $0785796959
208@/01 $a29-10-16 $bl
209S/01 $SV153 $uhttp://search.ebscohost.com/login.aspx?direct=true&scope=site&db=nlebk&db=nlabk&AN=68978 $XH
lok: 18232861 204
101B $012-02-08 $t10:49:39.000
101C $012-02-08
101U $0utf8
145S/01 $a0800e
exp: 18232861 204 1 #EPN
201B/01 $019-06-13 $t23:26:28.000
201U/01 $0utf8
203@/01 $0478805993
208@/01 $a08-11-06 $bl
209S/01 $SV153 $uhttp://search.ebscohost.com/login.aspx?direct=true&scope=site&db=nlebk&db=nlabk&AN=68978 $XH
lok: 18232861 205
exp: 18232861 205 1 #EPN
201B/01 $019-06-13 $t23:26:28.000
201U/01 $0utf8
203@/01 $0478806000
208@/01 $a08-11-06 $bl
209S/01 $SV153 $uhttp://search.ebscohost.com/login.aspx?direct=true&scope=site&db=nlebk&db=nlabk&AN=68978 $XH
| LEADER | 00000cam a22000002c 4500 | ||
|---|---|---|---|
| 001 | 182328619 | ||
| 003 | DE-603 | ||
| 005 | 20220820183904.0 | ||
| 007 | cr|||||||||||| | ||
| 008 | 061108s2002 xx |||| o| u00||u|eng c | ||
| 020 | |a 0585407282 (Sekundärausgabe) |c electronic bk. | ||
| 020 | |a 9780585407289 (Sekundärausgabe) |c electronic bk. | ||
| 035 | |a (DE-599)HEB182328619 | ||
| 040 | |a DE-603 |b ger |c DE-603 |d DE-603 | ||
| 041 | |a eng | ||
| 050 | 0 | |a BF481 | |
| 082 | 7 | |a 158.7 | |
| 084 | |a 150 |q DE-101 |2 sdnb | ||
| 245 | 0 | 0 | |a The psychology of work |b theoretically based empirical research |c ed. by Jeanne M. Brett |
| 264 | 1 | |a Mahwah, NJ [u.a.] |b Erlbaum |c 2002 | |
| 300 | |a XV, 338 S. | ||
| 490 | 0 | |a LEA's organization and management series | |
| 530 | |a Online-Ausg.: | ||
| 533 | |a Online-Ausg. |d 2002 |e Online-Ressource |n ISBN 0585407282ISBN 9780585407289 electronic bk. |7 s2002uuuuxx u| |n [Online-Ausg.] | ||
| 650 | 7 | |a Arbeitspsychologie |0 (DE-588)4002767-3 |0 (DE-603)084998970 |2 gnd | |
| 700 | 1 | |a Brett, Jeanne M. |e Hrsg. |4 edt |0 (DE-603)295131454 |0 (DE-588)170964299 |2 gnd | |
| 856 | |u http://search.ebscohost.com/login.aspx?direct=true&scope=site&db=nlebk&db=nlabk&AN=68978 |x Verlag | ||
| 856 | 4 | 2 | |u http://www.nationallizenzen.de/angebote/nlproduct.2006-03-20.4421392276 |3 Inhaltsbeschreibung der Sammlung und Zugangshinweise |
| 912 | |a ZDB-1-NEL | ||
| 924 | 1 | |9 603 |a (DE-603)47880587X |b DE-603 |c HES |d d | |
| 924 | 1 | |9 603 |a (DE-603)478805888 |b DE-603 |c HES |d d | |
| 924 | 1 | |9 603 |a (DE-603)579699110 |b DE-603 |c HES |d d | |
| 924 | 1 | |9 603 |a (DE-603)478805896 |b DE-603 |c HES |d d | |
| 924 | 1 | |9 603 |a (DE-603)47880590X |b DE-603 |c HES |d d | |
| 924 | 1 | |9 603 |a (DE-603)478805918 |b DE-603 |c HES |d d | |
| 924 | 1 | |9 603 |a (DE-603)59555797X |b DE-603 |c HES |d d | |
| 924 | 1 | |9 603 |a (DE-603)478805934 |b DE-603 |c HES |d d | |
| 924 | 1 | |9 603 |a (DE-603)478805942 |b DE-603 |c HES |d d | |
| 924 | 1 | |9 603 |a (DE-603)478805950 |b DE-603 |c HES |d d | |
| 924 | 1 | |9 603 |a (DE-603)595557988 |b DE-603 |c HES |d d | |
| 924 | 1 | |9 603 |a (DE-603)478805969 |b DE-603 |c HES |d d | |
| 924 | 1 | |9 603 |a (DE-603)595557996 |b DE-603 |c HES |d d | |
| 924 | 1 | |9 603 |a (DE-603)503676896 |b DE-603 |c HES |d d | |
| 924 | 1 | |9 603 |a (DE-603)785796959 |b DE-603 |c HES |d d | |
| 924 | 1 | |9 603 |a (DE-603)478805993 |b DE-603 |c HES |d d | |
| 924 | 1 | |9 603 |a (DE-603)478806000 |b DE-603 |c HES |d d | |


